• 首页
  • 本馆介绍
  • 公告通知
  • 最新文献
  • 馆藏检索
  • 电子资源
  • 读者导购
  • 参考咨询
  • 我的图书馆
  • 登录
  • 详细信息显示
  • 放入我的书架
  • 预约/预借图书
  • 作者相关作品
  • 分类相关作品
  • 丛书相关作品
  • 出版社相关作品

书目信息

  • 表格格式
  • 工作单格式
  • 卡片格式
题名:
动物体内硒素抗病毒作用研究
    
 
作者: 吕其壮 , 王道波 著
分册:  
出版信息: 长春   东北师范大学出版社  2019.07
页数: 239页
开本: 24cm
丛书名:
单 册:
中图分类: S855.3
科图分类:
主题词: 硒--xi--作用--动物病毒病--防治--研究
电子资源:
ISBN: 978-7-5681-6017-9
000 00872nam0 2200253 450
001 CAL 0120192856780
005 20230217093113.0
010    @a978-7-5681-6017-9@dCNY69.00
100    @a20190930d2019 em y0chiy0120 ea
101 0  @achi
102    @aCN@b220000
105    @ak a 000yy
106    @ar
200 1  @a动物体内硒素抗病毒作用研究@Adong wu ti nei xi su kang bing du zuo yong yan jiu@f吕其壮, 王道波著
210    @a长春@c东北师范大学出版社@d2019.07
215    @a239页@d24cm
320    @a有书目 (第192-228页)
330    @a本书详细介绍了含量极其微小的硒如何帮助动物战胜病毒的入侵, 如何科学地获取硒、如何适量补晒, 具有一定的科普作用。
606 0  @a硒@Axi@x作用@x动物病毒病@x防治@x研究
690    @aS855.3@v5
701  0 @a吕其壮@Alu^ qi zhuang@4著
701  0 @a王道波@Awang dao bo@4著
801  0 @aCN@bBJXHZP@c20230228
905    @b1381896-9@dS855.3@e223@f4
    
    动物体内硒素抗病毒作用研究/吕其壮, 王道波著.-长春:东北师范大学出版社,2019.07
    239页;24cm
    
    
    ISBN 978-7-5681-6017-9:CNY69.00
    本书详细介绍了含量极其微小的硒如何帮助动物战胜病毒的入侵, 如何科学地获取硒、如何适量补晒, 具有一定的科普作用。
●
相关链接 在E读中查询图书 在五车中查询图书 在当当中查询图书 在豆瓣中查询图书


正题名:动物体内硒素抗病毒作用研究     索取号:S855.3/223         预约/预借

序号 登录号 条形码 馆藏地/架位号 状态 备注
1 1381896   213818966   第二样本阅览室/ [索取号:S855.3/223] 在馆    
2 1381897   213818975   第三借阅区/ [索取号:S855.3/223] 在馆    
3 1381898   213818984   第三借阅区/ [索取号:S855.3/223] 在馆    
4 1381899   213818993   第三借阅区/ [索取号:S855.3/223] 在馆    
唐山师范学院图书馆 欢迎您!
大连网信软件有限公司© 版权所有